=LDR 00000nam 2200000 4500 =001 INLIS000000000014921 =005 20130612110214 =008 ***********************************Ind** =035 ##$$0010-061300000014921 =041 ##$$a Ind =082 ##$$a F813 =090 ##$$a F813, Anw k =100 ##$$a Nawar, Choirul =245 ##$$a kisah-kisah teladan 1: kumpulan cerita yang mengandung nilai-nilai budi pekerti, Choirul Anwar =260 ##$$a 1998 $b Yogyakarta =300 ##$$a 29 Hlm, ilus, 28 Cm =650 ##$$a Fiksi Indonesia =850 ##$$a NBPNMAT